Prvoradá cieľavedomá koncentrácia

Vytvorenie podmienok pre efektívnu hospodársku súťaž. Príklady koncentrácie. Motívy utlmenia súťaže. Postup Protimonopolného úradu SR. Prínos koncentrácie. Preukázanie prínosu. Zamietnutie koncentrácie.

Salvato in:
Dettagli Bibliografici
Autore principale: Szabó, L.
Natura: Capitolo di libro
Lingua:slovacco
Soggetti:
Tags: Aggiungi Tag
Nessun Tag, puoi essere il primo ad aggiungerne!!

MARC

LEADER 00000naa a2200000 4500
001 r021889
005 20230801105334.1
041 0 |a slo 
044 |a SK 
245 1 0 |a Prvoradá cieľavedomá koncentrácia  |c L. Szabó 
520 |a Vytvorenie podmienok pre efektívnu hospodársku súťaž. Príklady koncentrácie. Motívy utlmenia súťaže. Postup Protimonopolného úradu SR. Prínos koncentrácie. Preukázanie prínosu. Zamietnutie koncentrácie. 
610 2 0 |a koncentrácia 
610 2 0 |a súťaž hospodárska 
610 2 0 |a Protimonopolný úrad SR Bratislava 
610 2 0 |a politika protimonopolná 
100 1 |a Szabó, L.